My Hero Academia Personnages par Images - Statistiques

Statistiques générales
  • Ce quiz a été pris 235 fois
    3 depuis la dernière actualisation
  • Le résultat moyen est 128 sur 487
Statistiques - réponses
Par images Réponse % Correct
Denki Kaminari / Chargeclair
100%
Eijiro Kirishima / Red Riot
100%
Izuku Midoriya / Deku
100%
Katsuki Bakugo / Great God Bomberkill Dynamight
100%
Momo Yaoyorozu / Creaty
100%
Ochaco Uraraka / Uravity
100%
Shoto Todoroki / Shoto
100%
Tenya Iida / Ingenium
100%
Tsuyu Asui / Froppy
100%
All For One / Zen Shigaraki
50%
All Might / Toshinori Yagi
50%
Apocrypha / Himura (Geten)
50%
Backdraft
50%
Bare Handeath
50%
Beru Asui
50%
Best Jeanist / Tsunagu Hakamada
50%
Bibimi Kenranzaki
50%
Black Mist / Oboro Shirakumo
50%
Blue
50%
Brainless du SCA
50%
Brainless Tronçonneuse
50%
Bruce Lee
50%
Bubble Girl / Kaoruko Awata
50%
Burnin' / Moe Kamiji
50%
Camie Utsushimi / Kemillusion
50%
Captain Celebrity / Christopher Skyline
50%
Cementos / Ken Ishiyama
50%
Centipede / Juzo Moashi
50%
Chimera / Chojuro Kon
50%
Chizuo Magi
50%
Chronostasis / Hari Kurono
50%
Cow Lady
50%
Crématorium / Toya Todoroki (Dabi)
50%
Crimson Riot
50%
Crust
50%
Curious / Chitose Kizuki
50%
Daigoro Banjo / Lariat
50%
Dark Might / Valdo Gollini
50%
Daruma Ujiko / Kyudai Garaki
50%
David Shield
50%
Deidoro Sakaki
50%
Destro / Chikara Yotsubashi
50%
Dictator
50%
Dieu Sylvestre / Shinji Nishiya
50%
Ectoplasm
50%
Edgeshot / Shinya Kamihara
50%
Eel Boy
50%
Elecplant
50%
Endeavor / Enji Todoroki
50%
Ending
50%
En Tayutai / Smoke-Eater (Gaen)
50%
Eraser Head / Shota Aizawa
50%
Eri
50%
Ethan Drive
50%
Fat Gum / Taishiro Toyomitsu
50%
Flect Turn
50%
Fourth Kind
50%
Fumikage Tokoyami / Tsukuyomi
50%
Fuyumi Todoroki
50%
Gang Orca / Kugo Sakamata
50%
Ganma Asui
50%
Gentle / Danjuro Tobita
50%
Giant Villain
50%
Gigantomachia
50%
Giran / Kagero Okuta
50%
Godzillo
50%
Gran Torino / Sorahiko Torino
50%
Green
50%
Gun Head
50%
Hana Shimura
50%
Hanta Sero / Cellophane
50%
Hawks / Keigo Takami
50%
Hekiji Tengai
50%
Hikage Shinomori
50%
Himiko Toga
50%
Hiroshi Tameda
50%
Hiryu Rin / Dragon Armor
50%
Hitoshi Shinso / Night Hide
50%
Hood
50%
Hound Dog / Ryo Inui
50%
Ibara Shiozaki / Vine
50%
Inasa Yoarashi / Ouragan
50%
Ingenium / Tensei Iida
50%
Inko Midoriya
50%
Innsmouth
50%
Itejiro Toteki / Boomerang Man
50%
Itsuka Kendo / Battle Fist
50%
Jurota Shishida / Gevaudan
50%
Juzo Honenuki / Mudman
50%
Katsuma Shimano
50%
Kendo Rappa
50%
Kenji Tsuragamae
50%
Kinoko Komori / Magirolle
50%
Koji Koda / Anima
50%
Kojiro Bondo / Maquette
50%
Komari Ikoma
50%
Kosei Tsuburaba / Tsuburaba
50%
Kota Izumi
50%
Kotaro Shimura
50%
Kunieda
50%
Kyoka Jiro / Earphone Jack
50%
Kyotoku Jiro
50%
Lady Nagant / Kaina Tsutsumi
50%
Le Boss
50%
Le Gluant / Sludge Villain
50%
Lock Lock / Ken Takagi
50%
Love Lover / Manami Aiba
50%
Lunch Rush
50%
Magnet / Kenji Hikiishi
50%
Mahoro Shimano
50%
Majestic / Enma Kannagi
50%
Mandalay / Shino Sosaki
50%
Manga Fukidashi / Comicman
50%
Manual / Masaki Mizushima
50%
M. Aoyama
50%
Masaru Bakugo
50%
Mashirao Ojiro / Tail Man
50%
Mawata Fuwa
50%
Mei Hatsume
50%
Melissa Shield
50%
Mezo Shoji / Tentapoulpe
50%
M. Gori
50%
Mick
50%
Midnight / Nemuri Kayama
50%
Mika Jiro
50%
Mimic / Joi Irinaka
50%
Mina Ashido / Pinky
50%
Minoru Mineta / Grape Juice
50%
Mirio Togata / Lemillion
50%
Mirko / Rumi Usagiyama
50%
Miss Joke / Emi Fukukado
50%
Mister Compress / Atsuhiro Sako
50%
Mitsuki Bakugo
50%
Miyashita
50%
M. Koda
50%
Mme Aoyama
50%
Mme Iida
50%
Mme Koda
50%
Mme Uraraka
50%
Monchan
50%
Moonfish
50%
Mount Lady / Yu Takeyama
50%
M. Shimano
50%
M. Shishikura
50%
M. Takami
50%
M. Togata
50%
Mummy / Hoyo Makihara
50%
M. Uraraka
50%
Muscular / Goto Imasuji
50%
Mustard
50%
Nagamasa Mora / Chewyee
50%
Nana Shimura
50%
Naomasa Tsukauchi
50%
Natsuo Todoroki
50%
Neito Monoma / Phantom Thief
50%
Nejire Hado / Nejire
50%
Nezu / M. le Toba
50%
Nine
50%
Ninja Bleu
50%
Ninja Jaune
50%
Ninja Jaune
50%
Ninja Noir
50%
Ninja Rouge
50%
Ninja Vert
50%
Nirengeki Shoda / Mines
50%
Numero 13 / Anan Kurose
50%
Oboro Shirakumo / Loud Cloud
50%
Oji Harima
50%
Overhaul / Kai Chisaki
50%
Pixie-Bob / Ryuko Tsuchikawa
50%
Pony Tsunotori / Rocketti
50%
Power Loader / Higari Maijima
50%
Present Mic / Hizashi Yamada
50%
Présidente de la Commission de Sécurité Publique Héroïque
50%
Ragdoll / Tomoko Shiretoko
50%
Recovery Girl / Chiyo Shuzenji
50%
Red
50%
Re-Destro / Rikiya Yotsubashi
50%
Red Skin
50%
Reiko Yanagi / Emily
50%
Rei Todoroki
50%
Rikido Sato / Sugar Man
50%
Rikiya Katsukame
50%
Rody Soul
50%
Ryukyu / Ryuko Tatsuma
50%
Saiko Intelli
50%
Samouraï / Yoroi Musha
50%
Samuel Abraham
50%
Sansa Tamakawa
50%
Seiji Shishikura / Shishicross
50%
Selkie
50%
Sen Kaibara / Spiral
50%
Serviteur des Étoiles
50%
Setsuna Tokage / Lizardy
50%
Shihai Kuroiro / Vantablack
50%
Shikkui Makabe / Mr Smith
50%
Shin Nemoto
50%
Shishido
50%
Sirius
50%
Sir Nighteye / Mirai Sasaki
50%
Skeptic / Tomoyasu Chikazoku
50%
Slash Man
50%
Slice / Kiruka Hasaki
50%
Sliding Go / Tatsuyuki Tokoname
50%
Snatch / Sajin Higawara
50%
Snipe
50%
Soramitsu Tabe
50%
Spinner / Shuichi Iguchi
50%
Stain / Chizome Akaguro
50%
Star and Stripes / Cathleen Bate
50%
Takeshita
50%
Tamaki Amajiki / Sun Eater
50%
Taneo Tokuda
50%
Tatami Nakagame / Turtle Neck
50%
Teruo Hazukashi
50%
Tesla
50%
Tetsutetsu Tetsutetsu / Real Steel
50%
Timothy Agpar
50%
Togaru Kamakiri / Jack Mantis
50%
Toïtoï
50%
Tomura Shigaraki / Tenko Shimura
50%
Tora / Yawara Chatora
50%
Toru Hagakure / Invisible Girl
50%
Toshitsugu Kudo
50%
Toxic Chainsaw / Poison Chainsaw
50%
Toya Setsuno
50%
Trumpet / Koku Hanabata
50%
Tsubasa
50%
Twice / Jin Bubaigawara
50%
Untenmaru Kurumada
50%
Uwabami
50%
Victor
50%
Vlad King / Sekijiro Kan
50%
Wash / Susugu Mitarai
50%
Water Horse
50%
Wedge Holdings
50%
Wolfram
50%
X-Less
50%
Yellow
50%
Yoichi Shigaraki
50%
Yokumiru Mera
50%
Yosetsu Awase / Welder
50%
Yo Shindo / Richter
50%
Yuga Aoyama / Can't Stop Twinkling
50%
Yu Hojo
50%
Yui Kodai / Rule
50%
Yuyu Haya
50%
Aboudou Flash / Mellorine
0%
Air-Jet
0%
Akira
0%
Akira Iwako
0%
Alan Key
0%
Amplivolt
0%
Anna Scervino
0%
Anonymous
0%
Aorio Kuraishisu
0%
Astro
0%
Axer
0%
Batto Yobayakawa
0%
Bee☆Pop
0%
Beros
0%
Berserker
0%
Big Red Dot
0%
Bigshot
0%
Bombers
0%
Bomb Villain
0%
Brainless Ailé
0%
Brainless à Quatre Yeux
0%
Brainless Baleine
0%
Brainless Sans-Yeux
0%
Briarée
0%
Bruno Gollini
0%
Bye-Bites / Sharkyonara
0%
Can Gunnon
0%
Cargirl
0%
Chikuchi Togeike
0%
Chomper
0%
Chubs
0%
Chuma Yakumaru
0%
Cider House
0%
Clair Voyance
0%
Coalition de Refus des Créatures
0%
Compass Kid / Hokuto Hario
0%
Conseiller N°1 d'Apocrypha
0%
Conseiller N°1 de Crématorium
0%
Conseiller N°1 de Himiko
0%
Conseiller N°1 de Spinner
0%
Conseiller N°2 d'Apocrypha
0%
Conseiller N°2 de Crématorium
0%
Conseiller N°2 de Himiko
0%
Conseiller N°2 de Mister Compress
0%
Conseiller N°2 de Twice
0%
Conseiller N°3 d'Apocrypha
0%
Conseiller N°3 de Crématorium
0%
Conseiller N°3 de Himiko
0%
Conseiller N°3 de Mister Compress
0%
Conseiller N°3 de Skeptic
0%
Conseiller N°3 de Spinner
0%
Conseiller N°3 de Twice
0%
Cowcow-Boy
0%
Dadan Tadan
0%
Dai
0%
Daigo
0%
Daikaku Miyagi
0%
Daiki
0%
Danseuses du Club de Danse
0%
Deborah Gollini
0%
Dozaemon / Hanzo Suiden
0%
Dragon
0%
Drunk Lee
0%
Écume
0%
Eddie Soul
0%
Eiji Okameda
0%
Eizo Tanuma
0%
Eleph
0%
Empereur Natocan
0%
Enigma
0%
Four-Armed Zealot
0%
Frères Tempête et Passion
0%
Funkman
0%
Futo Nagashira
0%
Gale Villain
0%
Gargantueur / Glutton God
0%
Garvey
0%
Gashly Eijiju
0%
Giant Palm
0%
Gil Gollini
0%
Ginji Kurau
0%
Giulio Gandini
0%
Gorilla
0%
Gravitational Spring
0%
Greedy Gaping Jaw
0%
Gygès
0%
Habuko Mongoose
0%
Hard Head
0%
Haruaki Sun-Sun / Mr. Sunny
0%
Haruhisa
0%
Harusaburo Nanboku
0%
Hina
0%
Hiroto
0%
Ichimoku Samazu
0%
Ichiro Hotta
0%
Ikajiro Takobe
0%
Invisible Wall
0%
Ippo Haimawari
0%
Jiro Hotta
0%
Jo Diamond / Bukkomi
0%
Johnny
0%
Jube Namimaru
0%
Kameko
0%
Kamile Gollini
0%
Karasu
0%
Kashiko Kashi
0%
Kashiko Sekigai
0%
Kirihito Kamachi / Kama
0%
Knuckle Duster / Iwao Oguro / O'Clock
0%
Koki Terumoto
0%
Komako Masu
0%
Kuin Hachisuka
0%
Lala Soul
0%
La Mouche (The Fly)
0%
Leviathan
0%
Mad Hatters Leader
0%
Maina Furasu
0%
Mako Magi
0%
Makoto Tsukauchi
0%
Manaha Haimawari
0%
Mario Kugutsu
0%
Martial Hair
0%
Martin
0%
Master Beast
0%
Master Driller
0%
Meryl Hope
0%
Metro Namba Crusher
0%
Midnight Boys
0%
Mihaela
0%
Mika
0%
Mikkun
0%
Mini-Sisters
0%
Minotaurus
0%
Miu
0%
M. Matsuda
0%
Mme Haneyama
0%
Mme Oguro
0%
Mme Shigaraki
0%
Mme Suzumura
0%
Mme Takagi
0%
Mocha
0%
Moko Tamashi
0%
Monika Kaniyashiki / Kaniko
0%
Monko
0%
Monstrochat
0%
Moyuru Tochi
0%
Mr. Brave
0%
Mr. Plastic
0%
Mr. Smiley / Shinjiro Hohoemi
0%
Mummy
0%
Muscle Man
0%
Nao Shimura
0%
Near High-End
0%
Needle Hair
0%
Nobu
0%
Numéro Six / Rokuro Nomura / O'Clock II
0%
Nyikang
0%
One-Eyed Green Dragon
0%
Onemu Shinya
0%
Onima
0%
Ordinary Woman
0%
Oshima
0%
Osushi
0%
Oxy-Man
0%
Pamela
0%
Pampululu / Tech Magic
0%
Pankration
0%
Paulo Gollini
0%
Pino
0%
Pop☆Step / Kazuho Haneyama
0%
Présidente du Club de Danse
0%
Président Tanuki
0%
Rapt Tokage
0%
Red
0%
Ribby
0%
Rikiya Eno
0%
Rin Yaritezawa
0%
Robot
0%
Rogone
0%
Rojiya Yonenaga
0%
Romero Fujimi
0%
Ronaudo Kaege
0%
Roro Soul
0%
Ryuichi Gojiyama
0%
Ryu Yoshida
0%
Saito
0%
Salaam
0%
Sa Majesté Purple / Tenma Nakaoji
0%
Sameko
0%
Samidare Asui
0%
Sanctum
0%
Satsuki Asui
0%
Sensoji / Mister Blaster
0%
Serpenters / Dio
0%
Serpenters / Ena
0%
Sharp Blade
0%
Sho
0%
Shoko Haimawari
0%
Sickle Claw
0%
Sidero
0%
Simon Gollini
0%
Slugger
0%
Soga Kugizaki
0%
Soji
0%
Spike
0%
Stanleyk
0%
Steel Bulwark
0%
Stitched Giant
0%
Suicide Bomber
0%
Swordkil
0%
Tajima
0%
Takahiro
0%
Takaie Kanigumo
0%
Takuto
0%
Tamao Oguro
0%
Tamashiro
0%
Tech Villain
0%
Teruo Unagisawa
0%
Tetsu
0%
The Crawler / Koichi Haimawari / The Skycrawler
0%
Thousand Eyes
0%
Tomie Takami
0%
Tommy S. Gordon
0%
Tomo
0%
Tonbi
0%
Toshie Yagi
0%
Tough Grab
0%
Trajectoire (Kido)
0%
Tsutsutaka Agoyamato
0%
Ugo Gollini
0%
Umeda Siberian
0%
Varanus
0%
Venus Yeah / Boobs
0%
Vihara Headgear / Trapezius Headgear
0%
Watchbird
0%
Water Boy
0%
Willy Wanda
0%
Woman
0%
Yashamaru
0%
Yu
0%
Aucun quiz correspondant
Distribution des résultats
% des personnes avec chaque résultat
Percentile par nombre de réponses
Votre historique - résultats
Vous n’avez pas pris ce quiz depuis la dernière actualisation